Oliver Twist / (Record no. 907)
[ view plain ]
| 000 -LEADER | |
|---|---|
| fixed length control field | 00537cam a2200217ua 4500 |
| 041 ## - LANGUAGE CODE | |
| Language code of text/sound track or separate title | eng |
| 082 ## - DEWEY DECIMAL CLASSIFICATION NUMBER | |
| Classification number | 823.308 |
| Item number | DIC/OL |
| 100 ## - MAIN ENTRY--AUTHOR NAME | |
| Personal name | Dickens, Charles . |
| 245 ## - TITLE STATEMENT | |
| Title | Oliver Twist / |
| 260 ## - PUBLICATION, DISTRIBUTION, ETC. (IMPRINT) | |
| Place of publication | London : |
| Name of publisher | Ginn and company ltd , |
| Year of publication | 1961. |
| 300 ## - PHYSICAL DESCRIPTION | |
| Number of Pages | 180 ; . |
| 490 0# - SERIES STATEMENT | |
| Series statement | Shorter classics, |
| Volume number/sequential designation | |
| 942 ## - ADDED ENTRY ELEMENTS (KOHA) | |
| Koha item type | Books |
| Withdrawn status | Lost status | Damaged status | Home library | Current library | Date acquired | Full call number | Accession Number | Koha item type | Cost, normal purchase price | Public note |
|---|---|---|---|---|---|---|---|---|---|---|
| Withdrawn | KAUAET | Central Prison Tavanur | 07/04/2012 | 823.308 | 11093 | Books | ||||
| Withdrawn | KAUAET | KAUAET | 16/01/2021 | 823.308 DIC/OL | 1624 | Books | ||||
| Withdrawn | KAUAET | KAUAET | 27/01/2021 | 823.308 DIC/OL | 4362 | Books | ||||
| Withdrawn | KAUAET | Malayalam University | 07/04/2012 | 823.308 | 6551 | Books | 2.90 | Transferred to Malayalam University | ||
| Withdrawn | KAUAET | Sanskrit University | 07/04/2012 | 823.308 | 11039 | Books |
